| 000 | 01021nam a22002657a 4500 | ||
|---|---|---|---|
| 005 | 20161025151425.0 | ||
| 010 | _aENG-116294-295 | ||
| 020 |
_c4795.00(Set of 2 vols.) _a9789350357484 (v.1) |
||
| 020 |
_c4795.00(Set of 2 vols.) _a9789350357484 (v.2) |
||
| 035 | _aEN-99826-827 | ||
| 037 | _bDBAD/PUB | ||
| 082 | _a347.5406 | ||
| 100 | _aSarkar, M.C. | ||
| 245 |
_aSarkar law of evidence : _cby M.C. Sarkar, S.C. Sarkar [and] P. C. Sarkar _bin India, Pakistan, Bangladesh, Burma, Ceylon, Malaysia and Singapore / |
||
| 250 | _a19th ed by Sudipto Sarkar | ||
| 260 |
_bLexis Nexis _c2016 _aGurgaon |
||
| 270 |
_a14th Floor; Building No. 10 Tower -B , DLF Cyber City ,Phase-II _bGurgaon _e122002 |
||
| 300 | c |
_a2-Vol.(xxxi,1991,171p.; dlxxv,1992-3250,171p.) _c24cm(Hb) |
|
| 500 | i | _aIncludes index | |
| 505 | _aV.1 sections 1 to 100; V.2 101 to 167 and appendices | ||
| 700 | _aSarkar, S.C. | ||
| 700 | _aSarkar, Prabhas C. | ||
| 700 | _aSarkar, Sudipto | ||
| 942 |
_2ddc _cEN _h347.5406 _mSAR |
||
| 999 |
_c104206 _d104206 |
||